| 000 | 00377nam a2200133Ia 4500 | ||
|---|---|---|---|
| 008 | 231129s9999||||xx |||||||||||||| ||spa|| | ||
| 020 | _a968-880-797-4 | ||
| 040 | _bspa | ||
| 082 | _a659.1 W453p | ||
| 100 | _aWells William | ||
| 245 | 0 | _aPublicidad: principios y practicas | |
| 264 | _aPrentice-Hall Hispanoamericana | ||
| 942 |
_2ddc _cBKS |
||
| 999 |
_c23541 _d23541 |
||